00329nam a2200133Ia 4500008004100000041000800041082002000049100002500069245002300094250001200117260003200129502001700161999001700178230128s9999 xx 000 0 und d aeng aRAI PR0215bRAI aRairikar S S9118945 aHealth Club System a2K41034 c2006bPune UniversityaPune cSurya Ramdas c97243d97243